000 00301nam a22001337a 4500
008 190306b xxu||||| |||| 00| 0 eng d
020 _a2900030242143
041 _aeng
080 _29th
_a339.138
100 _a60
101 _aMAR
245 _aContemporary Marketing
_cBoone,L.E
942 _2udc
_cBK
999 _c54604
_d54604